|
|
|
|
| LEADER |
00000nab a2200000 a 4500 |
| 001 |
vtls000326467 |
| 003 |
SK-MaSNL |
| 005 |
20260302225926.0 |
| 008 |
111201c1988 xo 0 slo |
| 015 |
|
|
|a SNBRB19rr/mm-uuuuu
|
| 035 |
|
|
|a CL0326589
|
| 040 |
|
|
|a SNKBUCL
|b slo
|c SNKBUCL
|e AACR2
|
| 041 |
0 |
|
|a slo
|
| 044 |
|
|
|a xo
|c SK
|
| 080 |
|
|
|a 78.091.4:782/785:792.5
|2 1981
|
| 080 |
|
|
|a 782/785
|2 1981
|
| 080 |
|
|
|a 792.5
|2 1981
|
| 100 |
1 |
|
|a Michalová, Eva,
|d 1939-
|4 aut
|9 111068
|
| 245 |
1 |
0 |
|a Netradičný a objavný pohľad
|c Eva Michalová
|
| 611 |
1 |
7 |
|a Banskobystrická hudobná jar
|d 1988
|c Banská Bystrica, Slovensko
|x predstavenia operné
|2 snkbucl
|9 958892
|
| 651 |
|
7 |
|a 5301
|2 snkbucl
|9 893756
|
| 655 |
|
7 |
|a články z novín a časopisov
|2 snkbucl
|9 267496
|
| 773 |
0 |
|
|t Smer
|g Roč. 40, č. 134 (9. 6. 1988), s. 7
|
| 850 |
|
|
|a Slovenská národná knižnica v Martine
|a MTA001
|
| 852 |
|
|
|a SNK
|b KIS3GCP
|
| 958 |
|
|
|a RK
|
| 992 |
|
|
|a RBX
|
| 999 |
|
|
|c 1531385
|d 1533315
|